000 00648nam a2200217Ii 4500
003 JO-AjNU
008 230605s9999||||xx |||||||||||||| ||und||
017 _a1997/6/845
040 _aJO-AjNU
_bara
_erda
_cJO-AjNU
041 _aara
050 1 4 _aPJ7820.A512.A17 1998
100 3 _aدرادكه، محمد يوسف,
_eauthor
_946144
245 0 0 _aأغنيات لوجع يرتحل: شعر
250 _aط1
264 3 1 _aعمان: المؤلف، 1998
300 _a86ص
336 _atext
_btxt
_2rdacontent
337 _aunmediated
_bn
_2rdamedia
338 _avolume
_bnc
_2rdacarrier
650 4 _aالشعر العربي - قرن 20
_946145
999 _aA20053
_c23621
_d23621